A tale of two cities: notes

Enregistré dans:
Détails bibliographiques
Auteur principal: Dickens, Charles
Format: Livre
Langue:Undetermined
Publié: New York, Estados Unidos Cliff's notes 1960
Sujets:
Tags: Ajouter un tag
Pas de tags, Soyez le premier à ajouter un tag!

MARC

LEADER 00000nam a2200000Ia 4500
008 170316s9999 xx 000 0 und d
040 |a cru BVZT 
090 |a 820 D-5a 
100 |a Dickens, Charles 
245 2 |a A tale of two cities: notes 
260 |a New York, Estados Unidos 
260 |b Cliff's notes 
260 |c 1960 
300 |a 51páginas 
650 |a LITERATURA INGLESA 
999 |c 6852  |d 6852 
942 |c 15 D  |h 820 D-5a  |2 z